เปลี่ยนเป็นภาษาไทย

Change to English
 แสดงรายละเอียดบรรณานุกรม
  กลับหน้าหลัก

Brief Record : Get Marc (ISO 2709) : E-mail record : QR code กลับ
E-books : เกี่ยวกับ Collections
LEADER 00000nam 2200000uu 4500
001    13399128827
003     BCNR
008    260629s2567||||th 000 0 tha d
020    ^a9786166128796
041    ^atha
060  4 ^aWA380^bอ662ส 2567
100 0  ^aอารียา จิรธนานุวัฒน์
245 00 ^aสุขภาพคนเมืองและการส่งเสริมสุขภาพ =^bUrban health and health promotion /^cอารียา จิรธนานุวัฒน์
246 31 ^aUrban health and health promotion
250    ^aพิมพ์ครั้งที่ 1
260    ^aนนทบุรี :^bพีเอ็นเอส ครีเอชั่น,^c2567
300    ^a182 หน้า :^bภาพประกอบ, ตาราง ;^c25 ซม.
505 0  ^aบทที่ 1 สุขภาพกับเป้าหมายการพัฒนาอย่างยั่งยืน -- บทที่ 2 การส่งเสริมสุขภาพ -- บทที่ 3 ทฤษฎีทางพฤติกรรมสุขภาพ -- บทที่ 4 สุขภาพคนเมือง -- บทที่ 5 กลวิธีส่งเสริมสุขภาพ
650  4 ^aการส่งเสริมสุขภาพ
650  4 ^aพฤติกรรมสุขภาพ
650  4 ^aสุขภาพเมือง
710 2  ^aมหาวิทยาลัยนวมินทราธิราช. ^bคณะวิทยาศาสตร์และเทคโนโลยีสุขภาพ.^bภาควิชาเทคโนโลยีสุขภาพ
999    ^aบรรณารักษ์
รายการนี้ยังไม่มีแท็ก
คุณยังไม่ได้ล็อกอิน คุณสามารถมีกิจกรรมร่วมกับเว็บไซต์ได้ แต่ต้องล็อกอินก่อน ::
  ล็อกอิน
ลำดับที่ ประเภท เลขเรียก/บาร์โค้ด สถานที่ สถานะ
1. หนังสือ
หนังสือ
WA380 อ662ส 2567 c.1 
  Barcode: 088073
ห้องสมุดสาขาหลัก
►หนังสือทั่วไป
On Shelf
*เพิ่งรับคืน
2. หนังสือ
หนังสือ
WA380 อ662ส 2567 c.2 
  Barcode: 088074
ห้องสมุดสาขาหลัก
►หนังสือทั่วไป
On Shelf
*เพิ่งรับคืน
3. หนังสือ
หนังสือ
WA380 อ662ส 2567 c.3 
  Barcode: 088075
ห้องสมุดสาขาหลัก
►หนังสือทั่วไป
On Shelf
*เพิ่งรับคืน
   [แสดง 3/3 รายการ]

รายการใกล้เคียง
    หัวเรื่อง [การส่งเสริมสุขภาพ]
    หัวเรื่อง [พฤติกรรมสุขภาพ]
    หัวเรื่อง [สุขภาพเมือง]

BibComment


ยังไม่เคยถูกคอมเมนท์

คอมเมนท์ทรัพยากรรายการนี้
  คอมเมนท์: สุขภาพคนเมืองและ..
Bib 13399128827

 
 
 

 Union Library Management : ULibM
Copyright 2026. All Rights Reserved.